000 00555nam a2200157Ia 4500
008 100122s9999 xx 000 0 und d
082 _b18739
_a822
100 _aहिवरगांवकर रा ब
245 _a"भास कवींची नाटकें-2,3 खंड"
250 _a1
260 _bरा.ब.हिवरगावकर
_c1931
300 _a184
630 _a"भास कवींची नाटकें-2,3 खंड"
730 _a"भास कवींची नाटकें-2,3 खंड"
942 _cBOOK
999 _c408095
_d408092